000 01318cam a2200313 a 4500
001 32864
003 BD-RjUL
005 20211209051916.0
008 140428s1971 enk b 001 0ceng d
020 _a0042970253
035 _a(BD-RjUL)32954
040 _aDLC
_cDLC
_dBD-RjUL
_beng
041 1 _aengara
082 _a297.4
_bIBS 1971
100 0 _aIbn al-ʿArabī,
_d1165-1240.
_999914
245 1 0 _aSufis of Andalusia :
_bthe 'Rūh al-quds' and 'al-Durrat al-fākhirah' of Ibn ʿArabī /
_ctranslated with introduction and notes by R.W.J. Austin ; with a foreword by Martin Lings
260 _aLondon :
_bAllen and Unwin,
_cc1971.
300 _a173 p. ;
_c23 cm.
500 _a'... [translated] from two manuscript works'- book jacket
504 _aIncludes bibliographical references (p. 161-162) and indexes.
650 0 _aSufis
_vBiography
_vEarly works to 1800.
_999915
650 0 _aMuslims
_zSpain
_vBiography
_vEarly works to 1800.
_999916
700 0 2 _aIbn al-ʿArabī,
_d1165-1240.
_tRisālat rūḥ al-quds fī muḥāsabat al-nafs.
_lEnglish.
_999917
700 0 2 _aIbn al-ʿArabī,
_d1165-1240.
_tDurrah al-fāḳhirah fī dhikr man intafaʿtu bi-hi fī ṭarīq al-ākhirah.
_lEnglish.
_999918
700 1 _aAustin, R. W. J.
_999919
942 _2ddc
_cBK
999 _c32864
_d32864